| 000 -LEADER |
| fixed length control field |
00596nam a22002057a 4500 |
| 003 - CONTROL NUMBER IDENTIFIER |
| control field |
OSt |
| 005 - DATE AND TIME OF LATEST TRANSACTION |
| control field |
20241202103109.0 |
| 008 - FIXED-LENGTH DATA ELEMENTS--GENERAL INFORMATION |
| fixed length control field |
230512b ||||| |||| 00| 0 eng d |
| 020 ## - INTERNATIONAL STANDARD BOOK NUMBER |
| International Standard Book Number |
9781398374003 |
| 022 ## - INTERNATIONAL STANDARD SERIAL NUMBER |
| Source |
9781398374003 |
| 040 ## - CATALOGING SOURCE |
| Transcribing agency |
KH8 |
| 082 ## - DEWEY DECIMAL CLASSIFICATION NUMBER |
| Classification number |
570 BIO |
| 110 ## - MAIN ENTRY--CORPORATE NAME |
| Corporate name or jurisdiction name as entry element |
Hodder Education |
| 245 ## - TITLE STATEMENT |
| Title |
Ethics of human-induced evolution: |
| Remainder of title |
Human activities force animal adaptations |
| 260 ## - PUBLICATION, DISTRIBUTION, ETC. |
| Place of publication, distribution, etc. |
UK: |
| Name of publisher, distributor, etc. |
Hodder Education, |
| Date of publication, distribution, etc. |
2023. |
| 440 ## - SERIES STATEMENT/ADDED ENTRY--TITLE |
| Title |
Biological sciences review; |
| Number of part/section of a work |
April 2023 |
| Name of part/section of a work |
no. 4 |
| Volume/sequential designation |
vol. 35 |
| 650 ## - SUBJECT ADDED ENTRY--TOPICAL TERM |
| Topical term or geographic name entry element |
Biology -- Periodicals |
| 650 ## - SUBJECT ADDED ENTRY--TOPICAL TERM |
| Topical term or geographic name entry element |
Biology Serials |
| 942 ## - ADDED ENTRY ELEMENTS (KOHA) |
| Source of classification or shelving scheme |
|
| Koha item type |
Teaching Resources |